| 000 | 00494nam a22001575i 4500 | ||
|---|---|---|---|
| 001 | 152536 | ||
| 003 | ES-MaACL | ||
| 005 | 20230906204802.0 | ||
| 008 | 051017s1868 fr | |||||||| ||fre d | ||
| 040 |
_aCAM _bspa _cCAM |
||
| 100 | 1 |
_aBourdon, Mathilde. _930971 |
|
| 245 | 1 | 4 |
_aLes belles années / _cpar Mme. M. Bourdon. |
| 260 |
_aParis : _bP. Lethielleux, _c1868 ( _fTyp. Rouge frères, Dunon et Fresnè) |
||
| 300 |
_aVIII, 277, 3 p. ; _c18 cm. |
||
| 852 |
_aES-MaACL _jG-8569 _z-- Enc. hol. |
||
| 999 |
_c152536 _d152536 |
||